Statistiques concernant Pays dans un poisson bleu sur la carte du Monde

Cliquez ici pour prendre le quiz!

Statistiques générales

  • Ce quiz a été pris 34 453 fois
  • Le résultat moyen est 24 sur 32

Réponses sur la Carte

Les réponses sont colorées sur une échelle allant du rouge au vert en fonction du pourcentage des utilisateurs qui les ont devinées à leur premier essai. Vous pouvez retrouver ces pourcentages ci-dessous.
 

Statistiques - réponses

Pays% Correct
France
98%
Algérie
95%
Maroc
95%
Espagne
94%
Égypte
92%
Italie
92%
Tunisie
90%
Portugal
89%
Libye
86%
Mali
82%
Turquie
82%
Arabie Saoudite
78%
Niger
77%
Soudan
77%
Iran
75%
Mauritanie
75%
Irak
74%
Tchad
73%
Israël
71%
Malte
70%
Syrie
70%
Russie
68%
Grèce
67%
Chypre
66%
Liban
65%
Arménie
58%
Géorgie
58%
Azerbaïdjan
55%
Vatican
55%
Koweït
52%
Saint-Marin
51%
Albanie
27%

Distribution des résultats

Percentile par nombre de réponses

% des personnes avec chaque résultat

Votre développement - résultats

Vous n’avez pas pris ce quiz